Six Letter Geography - I - Statistics

General Stats
  • This quiz has been taken 39 times
    10 since last reset
  • The average score is 6 of 10
Answer Stats
Hint Answer % Correct
Fictional Greek figure that flew into the sun Icarus
100%
Peninsula of Spain and Portugal Iberia
90%
Body of land surrounded by water Island
90%
Previous name of Indonesia Dutch East {Indies}
70%
Waterfall between Brazil and Argentina Iguazu
70%
Sea part of the Mediterranean, south of Italy Ionian
60%
Populous commercial city in Madhya Pradesh Indore
40%
Water source going in a lake, river, or ocean Inflow
10%
Ancient sacred shrine island of Japan {Itsuku}shima Jinja
10%
Five-time President of Ecuador José {Ibarra}
10%
No matching quizzes found
Score Distribution
Percent of People with Each Score
Percentile by Number Answered
Your Score History
You have not taken this quiz since the last reset